| 000 | 00455nam a22001697a 4500 | ||
|---|---|---|---|
| 003 | OSt | ||
| 005 | 20140310182323.0 | ||
| 008 | 130920t xxu||||| |||| 00| 0 eng d | ||
| 050 |
_aTT 212 _b.G869 1995 |
||
| 082 |
_aGS 745.5942 _bG889 1994 |
||
| 100 |
_aGrisewood, Sara _921206 |
||
| 245 |
_aMaking jewellery / _cGrisewood, Sara |
||
| 260 |
_aLondon : _bLarousse, _c1995. |
||
| 300 |
_a40 p. : _bcol. ill. ; _c28 cm. |
||
| 942 |
_2lcc _cBK-GS |
||
| 999 |
_c11859 _d11859 |
||